[Event "Manizales Feria op 29th"]
[Site "Manizales"]
[Date "2024.01.08"]
[Round "7"]
[White "Martinez Carrillo, Cristian"]
[Black "Giraldo Mejia, Dulze Maria"]
[Result "0-1"]
[WhiteElo "1600"]
[BlackElo "1600"]
[PlyCount "42"]
[EventDate "2024.01.05"]
[EventType "swiss"]
[EventRounds "7"]
[EventCountry "COL"]
[SourceTitle "CB02_2024"]
[SourceDate "2024.01.10"]
[SourceVersion "1"]
[SourceVersionDate "2024.01.10"]
[SourceQuality "1"]

1. d4 d5 2. c4 e6 3. Nf3 Be7 4. Bf4 Bd6 5. e3 Bxf4 6. exf4 f5 7. Bd3 Nc6 8. 0-0 Qf6 9. Bc2 dxc4 10. Nc3 a6 11. Qe2 b5 12. Bxf5 Qxf5 13. g3 Qf6 14. Nd5 Qf7 15. f5 Qxf5 16. Nxc7+ Kd8 17. Nxa8 Bb7 18. g4 Qxg4+ 19. Kh1 Nxd4 20. Rad1 Bxf3+ 21. Qxf3 Qxf3+ 0-1